Tin học 12

Spremljeno u:
Bibliografski detalji
Glavni autor: Hồ, Sĩ Đàm
Daljnji autori: Hồ, Cẩm Hà
Format: Knjiga
Jezik:Undetermined
Izdano: H. Giáo dục 2008
Teme:
Online pristup:http://lrc.tdmu.edu.vn/opac/search/detail.asp?aID=2&ID=5451
Oznake: Dodaj oznaku
Bez oznaka, Budi prvi tko označuje ovaj zapis!
Thư viện lưu trữ: Trung tâm Học liệu Trường Đại học Thủ Dầu Một
LEADER 00635nam a2200205Ia 4500
001 TDMU_5451
008 210410s9999 xx 000 0 und d
082 |a 004.071 
090 |b H450 
100 |a Hồ, Sĩ Đàm 
245 0 |a Tin học 12 
245 0 |c Hồ Sĩ Đàm 
260 |a H. 
260 |b Giáo dục 
260 |c 2008 
300 |a 136tr 
650 |a Sách lớp 12  |v Giáo khoa; Công nghệ thông tin  |v Dạy và học 
700 |a Hồ, Cẩm Hà 
856 |u http://lrc.tdmu.edu.vn/opac/search/detail.asp?aID=2&ID=5451 
980 |a Trung tâm Học liệu Trường Đại học Thủ Dầu Một